000 00305nam a2200121Ia 4500
008 191201s2009 xx 000 0 und d
100 _aKARRAY, Fakhreddine
245 0 _aSoft Computing and Intelligent System Design
260 _bPearsons
_c2009
300 _a560
650 _aB.Tech(IT)
942 _2ddc
_cBK
999 _c7056
_d7056